Marketingový mix vybranej spoločnosti - Marketingový mix cestovnej kancelárie bakalárska práca

Salvato in:
Dettagli Bibliografici
Autore principale: Džurná, Zuzana
Ente Autore: Obchodná fakulta EU. Katedra marketingu
Altri autori: Tkáčiková, Jarmila
Natura: Libro
Lingua:slovacco
Pubblicazione: Bratislava 2018
Tags: Aggiungi Tag
Nessun Tag, puoi essere il primo ad aggiungerne!!

MARC

LEADER 00000nbm a2200000 4500
001 0245159
005 20180815083049.1
041 0 |a slo 
044 |a SK 
245 1 0 |a Marketingový mix vybranej spoločnosti - Marketingový mix cestovnej kancelárie  |b bakalárska práca  |c Zuzana Džurná ; školiteľ: Jarmila Tkáčiková 
264 1 |a Bratislava  |c 2018 
300 |a 57 s. 
100 1 |a Džurná, Zuzana 
700 1 |a Tkáčiková, Jarmila 
710 2 |a Obchodná fakulta EU. Katedra marketingu